[Event "Oberliga Sued W 2324"]
[Site "Germany"]
[Date "2024.04.28"]
[Round "9.1"]
[White "Musiolik, David"]
[Black "Carow, Johannes"]
[Result "0-1"]
[WhiteElo "2268"]
[BlackElo "2452"]
[PlyCount "158"]
[EventDate "2023.09.17"]
[EventType "team-tourn"]
[EventRounds "9"]
[EventCountry "GER"]
[SourceTitle "EXT 2025"]
[Source "ChessBase"]
[SourceDate "2024.10.14"]
[SourceVersion "1"]
[SourceVersionDate "2024.10.14"]
[SourceQuality "1"]
[WhiteTeam "Worms"]
[BlackTeam "Heidesheim"]
[WhiteTeamCountry "GER"]
[BlackTeamCountry "GER"]

1. Nf3 Nf6 2. c4 g6 3. Nc3 d5 4. cxd5 Nxd5 5. Qa4+ Bd7 6. Qb3 Nb6 7. h4 h6 8. d4 Bg7 9. Bf4 Be6 10. Qc2 Nc6 11. Rd1 Nb4 12. Qb1 N4d5 13. Be5 Nxc3 14. bxc3 Bxe5 15. dxe5 Qc8 16. h5 g5 17. e3 Bf5 18. Qb5+ c6 19. Qc5 Bg4 20. Be2 Bxf3 21. gxf3 Qe6 22. Qd4 Qxa2 23. e6 0-0 24. exf7+ Qxf7 25. f4 Qf6 26. Rg1 Rae8 27. Bd3 e5 28. Qe4 Re7 29. f5 Kh8 30. Ra1 Nd5 31. Rxa7 Nxc3 32. Qc4 b5 33. Qc5 Rxa7 34. Qxa7 e4 35. Bc2 Qxf5 36. f4 Qf6 37. Qc5 Na4 38. Bxa4 bxa4 39. Rg4 Rb8 40. Kf2 Rf8 41. Kg3 Rg8 42. Qb4 Qa1 43. Kh2 gxf4 44. Rxg8+ Kxg8 45. Qb8+ Kh7 46. Qc7+ Qg7 47. Qxf4 Qe7 48. Qf5+ Kh8 49. Qc8+ Kg7 50. Qg4+ Kf8 51. Qf5+ Kg7 52. Qg4+ Qg5 53. Qd7+ Kf8 54. Qd6+ Kf7 55. Qd7+ Qe7 56. Qf5+ Qf6 57. Qd7+ Kf8 58. Qc8+ Ke7 59. Qc7+ Ke6 60. Qxc6+ Kf5 61. Qxa4 Qh4+ 62. Kg2 Qg4+ 63. Kh2 Qxh5+ 64. Kg1 Qg4+ 65. Kh2 Qe2+ 66. Kh1 Qxe3 67. Qd7+ Kf4 68. Qd6+ Kf3 69. Qg3+ Ke2 70. Qh2+ Ke1 71. Qg3+ Kd2 72. Qd6+ Kc1 73. Qc6+ Kd1 74. Qa4+ Ke1 75. Qa1+ Ke2 76. Qa6+ Kf2 77. Qa2+ Qe2 78. Qa7+ e3 79. Qg7 Qh5# 0-1

[Event "GER-chT Lands U20"]
[Site "Hannover"]
[Date "2023.10.03"]
[Round "4"]
[White "Musiolik, David"]
[Black "Von Mettenheim, Johannes"]
[Result "1-0"]
[WhiteElo "2263"]
[BlackElo "2316"]
[PlyCount "167"]
[EventDate "2023.10.01"]
[EventType "team-swiss"]
[EventRounds "7"]
[EventCountry "GER"]
[SourceTitle "CBM 216 Extra"]
[Source "ChessBase"]
[SourceDate "2023.11.30"]
[SourceVersion "1"]
[SourceVersionDate "2023.11.30"]
[SourceQuality "1"]

1. Nf3 d5 2. b3 Nf6 3. Bb2 c6 4. c4 e6 5. e3 Bd6 6. Nc3 0-0 7. Qc2 e5 8. cxd5 cxd5 9. Nb5 Nc6 10. Nxd6 Qxd6 11. Rc1 Bg4 12. Qc5 Qe6 13. Qb5 Rab8 14. Be2 Nd7 15. 0-0 Qd6 16. Qa4 Bxf3 17. Bxf3 e4 18. Be2 Qg6 19. b4 Nce5 20. Qxa7 Nf3+ 21. Kh1 Nh4 22. g3 Nf3 23. Bxf3 exf3 24. Qd4 Nf6 25. Qf4 Ne4 26. d3 Ng5 27. h4 Ne6 28. Qxf3 Qxd3 29. Rfd1 Qa6 30. a3 Rbd8 31. Rc2 Rd7 32. Rcd2 Qc6 33. Kg2 Rfd8 34. Rc1 Qa6 35. Rcd1 Qc6 36. Rc1 Qa6 37. Qe2 Qd6 38. Qb5 Qe7 39. Rcd1 Nf8 40. Qe2 f6 41. Qf3 Qe6 42. h5 h6 43. Rd4 Qf7 44. e4 dxe4 45. Qxe4 Re7 46. Qf3 Rde8 47. Rd8 Ne6 48. Rxe8+ Rxe8 49. Bc1 Kh8 50. Be3 Qc7 51. Rd3 Qf7 52. Rd6 Qc7 53. Qd5 Nf8 54. b5 Re5 55. b6 Qe7 56. Qd1 Rxh5 57. Rxf6 Ra5 58. Rf4 Ne6 59. Re4 Ra8 60. Qd5 Re8 61. a4 Qf7 62. Re5 Re7 63. a5 Qe8 64. Qd6 Qf7 65. a6 bxa6 66. b7 Rxb7 67. Qxe6 Kh7 68. Qxf7 Rxf7 69. Re6 a5 70. Ra6 Rf5 71. Bd2 g5 72. Rxa5 Rf6 73. Be3 Rf8 74. Ra6 Re8 75. Kf3 Rb8 76. Kg4 Rb1 77. Bc5 Rc1 78. Rc6 Rd1 79. Rd6 Rc1 80. Bd4 Rb1 81. Kf5 Rb7 82. Re6 Rd7 83. Be5 Rb7 84. Re8 1-0

[Event "GER-chT Lands U20"]
[Site "Hannover"]
[Date "2023.10.01"]
[Round "2"]
[White "Musiolik, David"]
[Black "Grossmann, Piet"]
[Result "1-0"]
[WhiteElo "2263"]
[BlackElo "1904"]
[PlyCount "65"]
[EventDate "2023.10.01"]
[EventType "team-swiss"]
[EventRounds "7"]
[EventCountry "GER"]
[SourceTitle "CBM 216 Extra"]
[Source "ChessBase"]
[SourceDate "2023.11.30"]
[SourceVersion "1"]
[SourceVersionDate "2023.11.30"]
[SourceQuality "1"]

1. e4 e6 2. d4 d5 3. e5 c5 4. c3 Nc6 5. Nf3 Qb6 6. a3 c4 7. Nbd2 Na5 8. Rb1 Bd7 9. h4 Qc7 10. h5 h6 11. Rh3 Ne7 12. b4 cxb3 13. Nxb3 Ba4 14. Nfd2 Nc8 15. f4 Nxb3 16. Nxb3 Nb6 17. Bd3 0-0-0 18. f5 exf5 19. Bxf5+ Bd7 20. Qg4 Re8 21. Rf3 Be6 22. Bxe6+ Rxe6 23. Qf5 Be7 24. Qxf7 Bh4+ 25. Kf1 Qc4+ 26. Kg1 Re7 27. Qf4 Bg5 28. Qg4+ Kb8 29. Bxg5 hxg5 30. Qxg5 Rc7 31. Nc5 Qa2 32. Rbf1 Qxa3 33. e6 1-0

[Event "GER-ch U18"]
[Site "Willingen"]
[Date "2023.06.03"]
[Round "9"]
[White "Lutz, Ruben"]
[Black "Musiolik, David"]
[Result "0-1"]
[WhiteElo "2211"]
[BlackElo "2291"]
[PlyCount "76"]
[EventDate "2023.05.28"]
[EventType "swiss"]
[EventRounds "9"]
[EventCountry "GER"]
[SourceTitle "CBM 214 Extra"]
[Source "ChessBase"]
[SourceDate "2023.07.31"]
[SourceVersion "1"]
[SourceVersionDate "2023.07.31"]
[SourceQuality "1"]

1. d4 d5 2. c4 e6 3. Nf3 a6 4. g3 dxc4 5. Bg2 b5 6. 0-0 Bb7 7. a4 Nd7 8. b3 cxb3 9. Qxb3 b4 10. a5 Ngf6 11. Nbd2 Be7 12. Bb2 0-0 13. Nc4 Qb8 14. Rac1 c5 15. dxc5 Bxc5 16. Nce5 Bd5 17. Qa4 Qb7 18. Nd3 Be7 19. Qa1 Rfc8 20. Nh4 Bf8 21. Bd4 Bxg2 22. Nxg2 Ne4 23. Rfd1 Ndc5 24. Nxc5 Nxc5 25. Rb1 Ne4 26. Nf4 Qb5 27. Nd3 Nc3 28. Bxc3 Rxc3 29. Rdc1 Rxc1+ 30. Rxc1 Rb8 31. Rb1 Rc8 32. Qa2 g6 33. h4 Rc3 34. Qb2 Rc4 35. Qb3 Re4 36. Qa2 Rd4 37. Nc1 Rd1+ 38. Kg2 Qc6+ 0-1

[Event "GER-ch U18"]
[Site "Willingen"]
[Date "2023.06.01"]
[Round "7"]
[White "Eull, Emil"]
[Black "Musiolik, David"]
[Result "1-0"]
[WhiteElo "1937"]
[BlackElo "2291"]
[PlyCount "133"]
[EventDate "2023.05.28"]
[EventType "swiss"]
[EventRounds "9"]
[EventCountry "GER"]
[SourceTitle "CBM 214 Extra"]
[Source "ChessBase"]
[SourceDate "2023.07.31"]
[SourceVersion "1"]
[SourceVersionDate "2023.07.31"]
[SourceQuality "1"]

1. Nf3 Nf6 2. c4 g6 3. Nc3 Bg7 4. g3 0-0 5. Bg2 d6 6. 0-0 e5 7. d3 Nc6 8. Rb1 a5 9. a3 Nd4 10. b4 axb4 11. axb4 c6 12. b5 Bg4 13. Be3 Bxf3 14. exf3 Ne6 15. Ne4 Qe7 16. Ng5 d5 17. bxc6 bxc6 18. Rb6 d4 19. Nxe6 Qxe6 20. Bd2 Nd7 21. Rb1 f5 22. Ra1 Rxa1 23. Qxa1 f4 24. Qa7 g5 25. Rb1 Rf7 26. Rb7 Bf8 27. Bb4 Bxb4 28. Rxb4 h5 29. Rb7 Kg7 30. Rc7 c5 31. Qb7 Re7 32. Qc8 Kf7 33. Rc6 Qf5 34. Qh8 Nf6 35. g4 Qg6 36. gxh5 Qg7 37. Qxg7+ Kxg7 38. h6+ Kg6 39. Bh3 Rb7 40. Kg2 Re7 41. Bg4 Ra7 42. Re6 Rb7 43. Rc6 Ra7 44. Rxc5 Kxh6 45. Rxe5 Nxg4 46. fxg4 Ra3 47. Kf3 Rxd3+ 48. Ke4 Rd2 49. c5 d3 50. Rd5 Rxf2 51. Kxd3 Rf1 52. Rf5 Rc1 53. Kd4 Rc2 54. Kd5 Rxh2 55. c6 Rc2 56. Kd6 Rd2+ 57. Ke7 Rc2 58. Kd7 Rd2+ 59. Kc8 Rd4 60. c7 f3 61. Rxf3 Rxg4 62. Rf6+ Kg7 63. Rb6 Rc4 64. Kb7 g4 65. c8Q Rxc8 66. Kxc8 g3 67. Rb3 1-0

[Event "GER-ch U18"]
[Site "Willingen"]
[Date "2023.05.31"]
[Round "5"]
[White "Spriestersbach, Kai"]
[Black "Musiolik, David"]
[Result "1-0"]
[WhiteElo "2230"]
[BlackElo "2291"]
[PlyCount "91"]
[EventDate "2023.05.28"]
[EventType "swiss"]
[EventRounds "9"]
[EventCountry "GER"]
[SourceTitle "CBM 214 Extra"]
[Source "ChessBase"]
[SourceDate "2023.07.31"]
[SourceVersion "1"]
[SourceVersionDate "2023.07.31"]
[SourceQuality "1"]

1. e4 e6 2. d4 d5 3. e5 c5 4. c3 Qb6 5. Nf3 Nc6 6. a3 Nh6 7. b4 cxd4 8. Bxh6 gxh6 9. cxd4 Bd7 10. Ra2 Rc8 11. Be2 Bg7 12. 0-0 0-0 13. Qd2 f6 14. b5 Ne7 15. exf6 Bxf6 16. Nc3 Qd6 17. Bd3 Bg7 18. Ne2 Be8 19. Ng3 Bg6 20. Re1 Nf5 21. Nxf5 Bxf5 22. Bxf5 Rxf5 23. Qd3 Rf7 24. Rae2 Re8 25. Ne5 Rf5 26. Re3 Ref8 27. R1e2 Bxe5 28. Rxe5 Rxe5 29. Rxe5 Rf6 30. Qc3 Qd7 31. a4 Kf7 32. g3 Rf5 33. Re2 Rg5 34. Rc2 b6 35. Qe3 Qd6 36. Rc6 Qe7 37. Qf4+ Kg6 38. Rc7 Qe8 39. h4 e5 40. dxe5 Rxe5 41. Qg4+ Kf6 42. Qg7+ Kf5 43. Qxh7+ Kg4 44. Kg2 Qe6 45. Rc6 Qf5 46. Qg7+ 1-0

[Event "Oberliga Sued W 2223"]
[Site "Germany"]
[Date "2023.02.05"]
[Round "5.3"]
[White "Musiolik, David"]
[Black "Berend, Elvira S"]
[Result "1/2-1/2"]
[WhiteElo "2308"]
[BlackElo "2270"]
[PlyCount "111"]
[EventDate "2022.10.23"]
[EventType "team-tourn"]
[EventRounds "9"]
[EventCountry "GER"]
[SourceTitle "EXT 2025"]
[Source "ChessBase"]
[SourceDate "2024.10.14"]
[SourceVersion "1"]
[SourceVersionDate "2024.10.14"]
[SourceQuality "1"]
[WhiteTeam "Worms"]
[BlackTeam "Speyer Schwegenheim II"]
[WhiteTeamCountry "GER"]
[BlackTeamCountry "GER"]

1. Nf3 Nf6 2. c4 e6 3. Nc3 d5 4. e3 c5 5. cxd5 Nxd5 6. Bb5+ Bd7 7. Be2 Nf6 8. 0-0 Be7 9. b3 0-0 10. Bb2 Nc6 11. Qc2 Nb4 12. Qb1 Rc8 13. Ne5 Nc6 14. Nxd7 Qxd7 15. Rd1 Rfd8 16. a3 Bf8 17. Qc2 Qe7 18. Rac1 Nd4 19. exd4 cxd4 20. b4 dxc3 21. dxc3 g6 22. c4 Bg7 23. Bf3 b6 24. c5 bxc5 25. Rxd8+ Qxd8 26. bxc5 Nd5 27. Bxg7 Kxg7 28. c6 Qa5 29. Bxd5 exd5 30. Qb2+ Kg8 31. c7 Qb6 32. Qe5 Qe6 33. Qc3 Qb6 34. h3 d4 35. Qg3 f6 36. a4 a5 37. Rc4 Kg7 38. Qf4 d3 39. Kh2 d2 40. Qxd2 Rxc7 41. Qd8 Rb7 42. Qxb6 Rxb6 43. Rc7+ Kh6 44. Ra7 Rb2 45. Kg3 g5 46. Rxa5 Kg6 47. Rb5 Ra2 48. a5 h5 49. Rd5 h4+ 50. Kf3 Ra3+ 51. Ke2 Ra2+ 52. Ke3 Ra3+ 53. Kd4 Ra2 54. Ke3 Ra3+ 55. Ke4 Ra2 56. Kf3 1/2-1/2

[Event "Oberliga Sued W 2223"]
[Site "Germany"]
[Date "2023.01.15"]
[Round "4.3"]
[White "Yakovenko, Oleg"]
[Black "Musiolik, David"]
[Result "1-0"]
[WhiteElo "2232"]
[BlackElo "2308"]
[PlyCount "89"]
[EventDate "2022.10.23"]
[EventType "team-tourn"]
[EventRounds "9"]
[EventCountry "GER"]
[SourceTitle "EXT 2025"]
[Source "ChessBase"]
[SourceDate "2024.10.14"]
[SourceVersion "1"]
[SourceVersionDate "2024.10.14"]
[SourceQuality "1"]
[WhiteTeam "Kaiserslautern"]
[BlackTeam "Worms"]
[WhiteTeamCountry "GER"]
[BlackTeamCountry "GER"]

1. Nf3 Nf6 2. c4 c5 3. d4 cxd4 4. Nxd4 Nc6 5. Nc3 g6 6. e4 d6 7. Be2 Bg7 8. Be3 0-0 9. 0-0 Bd7 10. Qd2 Nxd4 11. Bxd4 Bc6 12. f3 Nd7 13. Be3 f5 14. exf5 Rxf5 15. f4 Nc5 16. Bg4 Rf8 17. Rae1 b6 18. b4 Ne4 19. Nxe4 Bxe4 20. Be6+ Kh8 21. Bd4 Bf5 22. Bxg7+ Kxg7 23. Qd4+ Rf6 24. g4 Bxe6 25. g5 Qc8 26. gxf6+ exf6 27. Qxd6 Bxc4 28. Re7+ Bf7 29. f5 Qd8 30. Rd1 Qxd6 31. Rxd6 Kf8 32. Rc7 Bxa2 33. Rxf6+ Kg8 34. fxg6 hxg6 35. Rxg6+ Kf8 36. h4 Bb1 37. Rgg7 a5 38. h5 axb4 39. h6 b3 40. h7 Bxh7 41. Rxh7 Kg8 42. Rhg7+ Kh8 43. Rg2 Ra1+ 44. Kh2 Ra2 45. Rc3 1-0

[Event "Oberliga Sued W 2223"]
[Site "Germany"]
[Date "2022.10.23"]
[Round "1.3"]
[White "Musiolik, David"]
[Black "Tabatt, Hendrik"]
[Result "1-0"]
[WhiteElo "2308"]
[BlackElo "2335"]
[PlyCount "115"]
[EventDate "2022.10.23"]
[EventType "team-tourn"]
[EventRounds "9"]
[EventCountry "GER"]
[SourceTitle "EXT 2025"]
[Source "ChessBase"]
[SourceDate "2024.10.14"]
[SourceVersion "1"]
[SourceVersionDate "2024.10.14"]
[SourceQuality "1"]
[WhiteTeam "Worms"]
[BlackTeam "Schwarzenbach Caissa"]
[WhiteTeamCountry "GER"]
[BlackTeamCountry "GER"]

1. Nf3 c5 2. c4 Nc6 3. Nc3 d6 4. e3 g6 5. b3 Bg7 6. Bb2 Nf6 7. d4 Qa5 8. Qd2 cxd4 9. exd4 Bg4 10. Be2 e5 11. Nb5 Qxd2+ 12. Nxd2 Nxd4 13. Bxd4 exd4 14. f3 Bf5 15. g4 d3 16. gxf5 dxe2 17. Nc7+ Kd7 18. Nxa8 Nh5 19. Rb1 Nf4 20. Rg1 Rxa8 21. Ne4 Be5 22. f6 Ke6 23. Kd2 Bxf6 24. Ke3 Be5 25. Ng3 Re8 26. Nxe2 Nxe2 27. Kxe2 Kf5 28. Kf1 h5 29. Kg2 Bc3 30. Rgf1 Re2+ 31. Rf2 Re3 32. Rd1 Ke6 33. Rc2 Be5 34. Kf2 Bf4 35. Rd4 g5 36. h3 Re5 37. Re2 Bg3+ 38. Kf1 f5 39. Rd5 a6 40. a4 Kd7 41. Rexe5 Bxe5 42. b4 Kc6 43. Ke2 Kc7 44. h4 gxh4 45. Ke3 h3 46. f4 h2 47. Rd1 Bc3 48. Rh1 Bxb4 49. Rxh2 Kb6 50. Rxh5 Ka5 51. Rxf5+ Kxa4 52. Rd5 Kb3 53. Kd3 a5 54. f5 a4 55. Rb5 d5 56. cxd5 a3 57. Rxb4+ Kxb4 58. Kc2 1-0

[Event "GER-chT Lands U20"]
[Site "Wiesbaden"]
[Date "2022.10.01"]
[Round "1.6"]
[White "Chassard, Cedric"]
[Black "Musiolik, David"]
[Result "0-1"]
[WhiteElo "2042"]
[BlackElo "2252"]
[PlyCount "84"]
[EventDate "2022.09.30"]
[EventType "team-swiss"]
[EventRounds "7"]
[EventCountry "GER"]
[SourceTitle "CBM 210 Extra"]
[Source "ChessBase"]
[SourceDate "2022.11.30"]
[SourceVersion "1"]
[SourceVersionDate "2022.11.30"]
[SourceQuality "1"]
[WhiteTeam "Saarland U20"]
[BlackTeam "Rheinland Pfalz U20"]
[WhiteTeamCountry "GER"]
[BlackTeamCountry "GER"]

1. e4 c6 2. d4 d5 3. e5 Bf5 4. Nf3 e6 5. Be2 Ne7 6. 0-0 Bg6 7. Nbd2 Nf5 8. Nb3 Nd7 9. a4 Be7 10. g4 Nh4 11. Nxh4 Bxh4 12. f4 f5 13. g5 h6 14. Bh5 Nf8 15. Nc5 Qe7 16. Bxg6+ Nxg6 17. gxh6 Rxh6 18. a5 Kf7 19. Ra3 Qc7 20. a6 b6 21. Nb7 Rah8 22. Qe2 Be7 23. Rg3 c5 24. Rc3 c4 25. Rf2 b5 26. b3 Qb6 27. bxc4 bxc4 28. Nc5 Bxc5 29. dxc5 Qxc5 30. Be3 Qa5 31. Qd2 Qxa6 32. Qc1 Qb5 33. Ra3 a6 34. c3 Rb8 35. Rfa2 Qb1 36. Rxa6 Qe4 37. Ra7+ Kg8 38. Ra8 Rxa8 39. Rxa8+ Kh7 40. Ra2 Nh4 41. Rf2 Nf3+ 42. Kf1 Nxh2+ 0-1

[Event "GER-ch U18"]
[Site "Willingen"]
[Date "2022.06.10"]
[Round "8"]
[White "Musiolik, David"]
[Black "Pubantz, Jan"]
[Result "1/2-1/2"]
[WhiteElo "2217"]
[BlackElo "2260"]
[PlyCount "105"]
[EventDate "2022.06.04"]
[EventType "swiss"]
[EventRounds "9"]
[EventCountry "GER"]
[SourceTitle "CBM 208 Extra"]
[Source "ChessBase"]
[SourceDate "2022.07.31"]
[SourceVersion "1"]
[SourceVersionDate "2022.07.31"]
[SourceQuality "1"]

1. e4 c6 2. d4 d5 3. e5 Bf5 4. Nf3 e6 5. Be2 c5 6. 0-0 Nc6 7. c3 Bg4 8. Be3 Bxf3 9. Bxf3 Nge7 10. dxc5 Nf5 11. Bd4 Nfxd4 12. cxd4 Qh4 13. Nc3 Qxd4 14. Nb5 Qxd1 15. Rfxd1 Kd7 16. Bxd5 exd5 17. Rxd5+ Ke7 18. Rad1 Rd8 19. Rxd8 Nxd8 20. Nxa7 Ke8 21. b4 g5 22. Nb5 Nc6 23. Nc7+ Ke7 24. Rd6 Bg7 25. Nd5+ Kf8 26. Rd7 Bxe5 27. Rxb7 Kg7 28. a4 Rd8 29. Ne3 Ra8 30. a5 Bc3 31. Nd5 Bxb4 32. Nxb4 Rxa5 33. Nc2 Rxc5 34. Ne1 Rc1 35. Kf1 Ne5 36. Ke2 Ra1 37. h3 Ra2+ 38. Ke3 Nc4+ 39. Kd3 Nd6 40. Rb6 Nf5 41. Nc2 Nh4 42. Rb5 h6 43. g3 Nf3 44. Rc5 Ng1 45. h4 gxh4 46. gxh4 Nh3 47. Rf5 Ra4 48. Nd4 Kg6 49. Rf3 Ra3+ 50. Ke4 Rxf3 51. Kxf3 Kh5 52. Nf5 Nxf2 53. Kxf2 1/2-1/2

[Event "GER-ch U18"]
[Site "Willingen"]
[Date "2022.06.06"]
[Round "3"]
[White "Bornholdt, Joa Max"]
[Black "Musiolik, David"]
[Result "0-1"]
[WhiteElo "2132"]
[BlackElo "2217"]
[PlyCount "92"]
[EventDate "2022.06.04"]
[EventType "swiss"]
[EventRounds "9"]
[EventCountry "GER"]
[SourceTitle "CBM 208 Extra"]
[Source "ChessBase"]
[SourceDate "2022.07.31"]
[SourceVersion "1"]
[SourceVersionDate "2022.07.31"]
[SourceQuality "1"]

1. d4 d5 2. c4 e6 3. Nc3 a6 4. cxd5 exd5 5. Nf3 c6 6. Qc2 Bd6 7. e4 dxe4 8. Nxe4 Bb4+ 9. Nc3 Nf6 10. Bg5 0-0 11. 0-0-0 Be6 12. Bd3 h6 13. h4 Nbd7 14. Bf5 Bxf5 15. Qxf5 Qa5 16. Qc2 Rfe8 17. Bxf6 Nxf6 18. Ne5 c5 19. Nc4 Qc7 20. d5 Qf4+ 21. Ne3 Bxc3 22. bxc3 Ne4 23. Rh3 Qxf2 24. Rf3 Qxc2+ 25. Kxc2 Nd6 26. Nf5 Rad8 27. Nxd6 Rxd6 28. Rfd3 Re4 29. g3 b5 30. Kd2 c4 31. Rd4 Rxd4+ 32. cxd4 b4 33. Ke3 Rxd5 34. Ke4 Rd7 35. d5 c3 36. Kd4 Kf8 37. Kc5 a5 38. Kc6 Ke8 39. d6 a4 40. Re1+ Kd8 41. Kc5 Rb7 42. Kc6 b3 43. axb3 axb3 44. Ra1 Rb8 45. d7 b2 46. Re1 Rb6+ 0-1

[Event "BL2-Sued 2122"]
[Site "Germany"]
[Date "2022.05.15"]
[Round "6.5"]
[White "Plenca, Julian"]
[Black "Musiolik, David"]
[Result "1-0"]
[WhiteElo "2443"]
[BlackElo "2220"]
[PlyCount "68"]
[EventDate "2022.03.05"]
[EventType "team-tourn"]
[EventRounds "10"]
[EventCountry "GER"]
[SourceTitle "EXT 2023"]
[Source "ChessBase"]
[SourceDate "2022.10.05"]
[SourceVersion "1"]
[SourceVersionDate "2022.10.05"]
[SourceQuality "1"]
[WhiteTeam "Schoenaich"]
[BlackTeam "Worms"]
[WhiteTeamCountry "GER"]
[BlackTeamCountry "GER"]

1. e4 e6 2. d4 d5 3. Nd2 Nf6 4. e5 Nfd7 5. Bd3 c5 6. c3 Nc6 7. Ndf3 f6 8. exf6 Nxf6 9. Ne2 Bd6 10. Bf4 Bxf4 11. Nxf4 0-0 12. 0-0 Ng4 13. Nh5 e5 14. dxe5 Ngxe5 15. Nxe5 Nxe5 16. Be2 Qd6 17. Ng3 Bd7 18. Qd2 Bc6 19. Rad1 Rad8 20. f4 Nf7 21. f5 Qh6 22. Rf4 Ng5 23. Rdf1 Ne4 24. Nxe4 dxe4 25. Qe1 Rd6 26. Qg3 Qf6 27. Rg4 Rd7 28. Bc4+ Bd5 29. Rxe4 Bxc4 30. Rxc4 Rd5 31. Rcf4 Re8 32. R4f2 Qd6 33. f6 Qxg3 34. f7+ Kf8 1-0

[Event "BL2-Sued 2122"]
[Site "Germany"]
[Date "2022.03.06"]
[Round "2.7"]
[White "Musiolik, David"]
[Black "Berend, Fred"]
[Result "1-0"]
[WhiteElo "2220"]
[BlackElo "2318"]
[PlyCount "101"]
[EventDate "2022.03.05"]
[EventType "team-tourn"]
[EventRounds "10"]
[EventCountry "GER"]
[SourceTitle "EXT 2023"]
[Source "ChessBase"]
[SourceDate "2022.10.05"]
[SourceVersion "1"]
[SourceVersionDate "2022.10.05"]
[SourceQuality "1"]
[WhiteTeam "Worms"]
[BlackTeam "Speyer Schwegenheim"]
[WhiteTeamCountry "GER"]
[BlackTeamCountry "GER"]

1. Nf3 c5 2. e4 e6 3. d4 cxd4 4. Nxd4 Nc6 5. Nc3 a6 6. Be3 Nf6 7. Qd2 Bb4 8. Bd3 d5 9. exd5 Nxd5 10. Nxc6 bxc6 11. Bd4 0-0 12. a3 Bxc3 13. Bxc3 c5 14. 0-0 Bb7 15. Bc4 Nxc3 16. Qxc3 Qb6 17. Rad1 Rfd8 18. f3 Rd4 19. Rxd4 cxd4 20. Qb4 Qa7 21. Qd2 Rc8 22. Bd3 a5 23. b3 Bd5 24. Kh1 f6 25. Qf4 Rc6 26. Qh4 g5 27. Qg4 e5 28. f4 Qe7 29. fxg5 fxg5 30. Rf5 h6 31. h4 Rf6 32. hxg5 Rxf5 33. Qxf5 hxg5 34. Qg6+ Kf8 35. Qh6+ Ke8 36. Qh8+ Kd7 37. Bf5+ Kd6 38. b4 axb4 39. axb4 Kc6 40. Qa8+ Qb7 41. Qe8+ Kb6 42. Qxe5 Bxg2+ 43. Kg1 Qd5 44. Qb8+ Qb7 45. Qd8+ Ka7 46. Qxd4+ Kb8 47. Qe5+ Ka8 48. Qe8+ Ka7 49. Qe3+ Ka8 50. Qa3+ Kb8 51. Qg3+ 1-0

[Event "GER-chT Lands U20"]
[Site "Neumuenster"]
[Date "2021.10.04"]
[Round "4.3"]
[White "Gutkin, Ilya"]
[Black "Musiolik, David"]
[Result "1-0"]
[WhiteElo "2300"]
[BlackElo "2200"]
[PlyCount "123"]
[EventDate "2021.10.01"]
[EventType "team-swiss"]
[EventRounds "7"]
[EventCountry "GER"]
[SourceTitle "CBM 204 Extra"]
[Source "ChessBase"]
[SourceDate "2021.11.30"]
[SourceVersion "1"]
[SourceVersionDate "2021.11.30"]
[SourceQuality "1"]
[WhiteTeam "Nordrhein Westfalen"]
[BlackTeam "Rheinland Pfalz"]
[WhiteTeamCountry "GER"]
[BlackTeamCountry "GER"]

1. Nf3 Nf6 2. g3 d5 3. Bg2 e6 4. d4 Be7 5. c4 0-0 6. Qc2 dxc4 7. Qxc4 a6 8. Bf4 Nd5 9. Nc3 b5 10. Qd3 Bb7 11. Rc1 Ra7 12. 0-0 Nd7 13. Ne5 Nxe5 14. Bxe5 Nxc3 15. Rxc3 Bxg2 16. Kxg2 Qd5+ 17. e4 Qxa2 18. d5 exd5 19. exd5 Rd8 20. Rd1 c5 21. d6 Bf8 22. Rxc5 Rad7 23. b3 Qa3 24. Qd5 h6 25. Rc7 Qb4 26. Rd4 Qe1 27. Rxd7 Rxd7 28. Re4 Qa5 29. Qc6 Qd8 30. Qxa6 Bxd6 31. Bxd6 Rxd6 32. Qxb5 Kh7 33. Qf5+ Kg8 34. Rc4 g6 35. Qc8 Qxc8 36. Rxc8+ Kg7 37. Rc2 Kf6 38. b4 Ke5 39. Re2+ Kf5 40. Kf3 Rd7 41. g4+ Kf6 42. b5 Rb7 43. Rb2 Ke5 44. b6 g5 45. Ke3 Kd5 46. f4 Re7+ 47. Kd3 Rb7 48. fxg5 hxg5 49. h3 Kd6 50. Kd4 f6 51. Rb3 Kc6 52. Kc4 Rb8 53. b7 Kd6 54. Rb6+ Kc7 55. Kc5 Kd7 56. Rb2 Kc7 57. Rb3 Re8 58. b8Q+ Rxb8 59. Rxb8 Kxb8 60. Kd6 f5 61. gxf5 Kc8 62. Ke7 1-0

[Event "GER-chT Lands U20"]
[Site "Neumuenster"]
[Date "2021.10.02"]
[Round "2.1"]
[White "Musiolik, David"]
[Black "Kolb, Tobias"]
[Result "0-1"]
[WhiteElo "2200"]
[BlackElo "2311"]
[PlyCount "144"]
[EventDate "2021.10.01"]
[EventType "team-swiss"]
[EventRounds "7"]
[EventCountry "GER"]
[SourceTitle "CBM 204 Extra"]
[Source "ChessBase"]
[SourceDate "2021.11.30"]
[SourceVersion "1"]
[SourceVersionDate "2021.11.30"]
[SourceQuality "1"]
[WhiteTeam "Rheinland Pfalz"]
[BlackTeam "Bayern"]
[WhiteTeamCountry "GER"]
[BlackTeamCountry "GER"]

1. Nf3 d5 2. g3 Nf6 3. Bg2 e6 4. c4 Be7 5. 0-0 0-0 6. cxd5 exd5 7. b3 Bf5 8. Bb2 h6 9. d3 c6 10. Re1 Nbd7 11. Nc3 Bh7 12. e4 dxe4 13. dxe4 Bb4 14. Nd4 Re8 15. f3 Qa5 16. Qd2 Rad8 17. a3 Bf8 18. Rad1 Ne5 19. b4 Qc7 20. Qe2 c5 21. Ndb5 Qb8 22. bxc5 Bxc5+ 23. Kh1 a6 24. Na4 Bf8 25. Nd4 b5 26. Nc3 Qb6 27. Na2 Nc4 28. a4 Bc5 29. a5 Nxa5 30. Nc2 Nc4 31. Bxf6 Qxf6 32. Nab4 Bg6 33. Nd5 Qd6 34. Nde3 Qe6 35. Nxc4 Qxc4 36. Qxc4 bxc4 37. Bf1 Bf2 38. Rxd8 Rxd8 39. Rc1 c3 40. Bxa6 Rd2 41. Nb4 Bc5 42. Nc2 Rf2 43. Ne1 Bd4 44. Bd3 Rd2 45. Rc2 Bf2 46. Rxc3 Bxe1 47. Rb3 Rf2 48. Bb1 Rd2 49. Kg1 Bf2+ 50. Kh1 Bd4 51. Rb4 h5 52. Rb3 h4 53. Rd3 Rxd3 54. Bxd3 f6 55. Kg2 hxg3 56. hxg3 Kf7 57. Kh3 Ke7 58. Kg4 Bf7 59. f4 Kd6 60. Kf3 Kc5 61. Bb1 Bc3 62. Bc2 Kd4 63. Ba4 Bd2 64. Bc6 Be1 65. Kg4 Be6+ 66. Kf3 Bb3 67. Kg4 Bd1+ 68. Kf5 Bxg3 69. Kg6 Bxf4 70. Kxg7 Ke5 71. Kg6 Bc2 72. Bb7 Bg5 0-1

[Event "GER-chT Lands U20"]
[Site "Berlin"]
[Date "2020.10.01"]
[Round "3.2"]
[White "Maetzkow, Maximilian Paul"]
[Black "Musiolik, David"]
[Result "0-1"]
[WhiteElo "2242"]
[BlackElo "2198"]
[PlyCount "88"]
[EventDate "2020.09.29"]
[EventType "team-swiss"]
[EventRounds "7"]
[EventCountry "GER"]
[SourceTitle "CBM 198 Extra"]
[Source "ChessBase"]
[SourceDate "2020.11.30"]
[SourceVersion "1"]
[SourceVersionDate "2020.11.30"]
[SourceQuality "1"]
[WhiteTeam "Berlin U20"]
[BlackTeam "Rheinland Pfalz U20"]
[WhiteTeamCountry "GER"]
[BlackTeamCountry "GER"]

1. Nf3 Nf6 2. e3 g6 3. b4 Bg7 4. Bb2 b6 5. Be2 c5 6. b5 Bb7 7. 0-0 0-0 8. d3 d6 9. Nbd2 Nbd7 10. c4 e5 11. a4 Re8 12. a5 a6 13. Bc3 axb5 14. cxb5 Nd5 15. Bb2 Rxa5 16. Rxa5 bxa5 17. Nc4 Qc7 18. Nfd2 Ra8 19. Ne4 Bf8 20. f4 exf4 21. exf4 N5b6 22. Ne3 d5 23. Ng5 d4 24. Qb3 Nf6 25. f5 Nbd5 26. fxg6 hxg6 27. Nc4 Bg7 28. Bc1 Nc3 29. Bf3 Bxf3 30. Nxf3 Ne2+ 31. Kh1 Nxc1 32. Rxc1 a4 33. Qa2 Nd5 34. Re1 Nb4 35. Qe2 a3 36. Qe4 Qd8 37. Nfd2 Qd5 38. Qxd5 Nxd5 39. b6 a2 40. Nb3 Rb8 41. Ra1 Nxb6 42. Nca5 c4 43. Nc1 Ra8 44. Nxc4 Nxc4 0-1